000 01273nam a2200253Ia 4500
999 _c50334
_d50334
001 17275
003 GE_BSU
005 20200210150935.0
008 181216s2014 xx |||||||||||||| ||geo||
040 _cGE_BSU
041 _ageo
080 _a821.353.1(092ჭავჭავაძე,ი) გ-97
100 _aგურული, ვახტანგ.
_9337
245 _aილია : [ჭავჭავაძე : მონოგრაფია] /
_cვახტანგ გურული ; რედ. სერგო ვარდოსანიძე
264 _aთბილისი :
_bარტანუჯი,
_c2014.
300 _a238 გვ;
_c 20 სმ.
500 _aპირთა საძიებელი: გვ. 231-234
504 _a ბიბლიოგრ. ტექსტის შენიშვნებში
653 _aილია ჭავჭავაძის ღვაწლი ქართველობისა და საქართველოს გადარჩენაში
653 _aლიტერატურა
653 _aჭავჭავაძე, ილია
700 _aვარდოსანიძე, სერგო
_eრედაქტორი
_96948
942 _cBK
_2udc